| 000 | 00865nam a2200265 u 4500 | ||
|---|---|---|---|
| 001 | 000003179 | ||
| 003 | DO-SdBNP | ||
| 005 | 20250911131333.0 | ||
| 007 | ta | ||
| 008 | 090707s1985 dr r 001 0 spa d | ||
| 040 |
_aDO-SdBNP _bspa _cBNPHU |
||
| 082 | 4 |
_a338.97293 _bS489h _222 |
|
| 100 | 0 |
_aSerulle Ramia, José, _d1950- _910045 |
|
| 245 | 1 | 0 |
_a¿Hacia dónde va el país ? / _cJosé Serulle Ramia, Jacqueline Boin |
| 260 |
_aSanto Domingo : _bGramil, _c1985. |
||
| 300 |
_a193 p. ; _c21 cm. |
||
| 500 | _aIncluye datos biográficos de los autores en la solapa del libro. | ||
| 500 | _aIncluye notas a pie de páginas. | ||
| 500 | _aIncluye índice de contenido. | ||
| 590 | _aInventariado, 2022 / SA | ||
| 651 | 4 |
_aRepública Dominicana _xPolítica Económica _9643 |
|
| 700 | 1 |
_aBoin, Jacqueline, _d1950- _910046 |
|
| 910 | _aSaquino | ||
| 942 |
_2ddc _cLBS1 |
||
| 999 |
_c3010 _d3010 |
||